000 00490nam a2200169Ia 4500
005 20260121165314.0
008 260121s9999 xx 000 0 und d
020 _a978-93-91558-41-3
041 _amar
082 _a294.5
100 _aसोनी, सुरेश
245 _aपंचयज्ञाव्दारे परम वैभव
250 _a1
260 _bभारतीय विचार साधना पुणे
_c2021
300 _a36
650 _aGenral
999 _c370012
_d370012